| 000 | 00332nam a2200109Ia 4500 | ||
|---|---|---|---|
| 008 | 160523s9999 xx 000 0 und d | ||
| 245 | 4 | _aThe Power Of Generosity & Gratitude | |
| 245 | _cMonopolex Evolving Ascension Publishing III. | ||
| 260 | _c2015 | ||
| 650 | _xPsychology. | ||
| 856 | _uhttp://www.smashwords.com/books/view/550040 | ||
| 999 |
_c294783 _d294783 |
||